01288 a2200241 45000010006000000050017000060080041000230030015000640400040000790800091001192450063002100200022002732640039002953000023003345050471003570410008008281000019008367000024008557000025008797000024009047000019009288560099009474548920260407155727.0260407a2006 arg spa dAR-UNSa-BCEJYS aAR-UNSa-BCEJYSbspacAR-UNSa-BCEJYS a338.124xRetroceso de la actividad económica. Contracción económica (Pobreza...)10aPoverty reduction and growthpvirtuous and vicious circles a978-0-8213-6511-3 1aWashington :bThe World Bankc2006 axv, 221 p.c28 cm. a1. From Vicious to Virtuous Circles – 2. Dimensions of Well-Being, Channels to Growth – 3. How Did We? – 4. The Relative Roles of Growth and Inequality for Poverty Reduction – 5. Pro-Poor Growth in Latin América – 6. Does Poverty Matter for Growth? – 7. Subnational Dimensions of Growth and Poverty? – 8. Microdeterminants of Incomes : Labor Markets, Poverty, and Traps? – 9. Breking the Cycle of Underinvestment in Human Capital in Latin America.  aspa1 aArias, Omar S.1 aPerry, Guillermo E.1 aLópez, J. Humberto1 aMaloney, William F.1 aServén, Luis41uhttps://www.biblioeco.unsa.edu.ar/pmb/images/libros/L127122.jpgyImagen de portadaqimage/jpeg